000
00292 a2200145 4500
001
192209
020
_a
040
_c
Magnum
100
_a
Macedo, Joaquim Manuel de
240
1
0
_a
A moreninha
_l
por
245
1
0
_a
A moreninha
300
_a
159
697
_a
LITERATURA GERAL
942
_c
BK
999
_c
192209
_d
192209